Tableau des médailles olympiques - Munich 1972 - Statistiques

Statistiques générales
  • Ce quiz a été pris 16 fois
  • Le résultat moyen est 7 sur 10
Statistiques - réponses
Or Argent Bronze Total Pays % Correct
33 31 30 94 États-Unis
100%
13 11 16 40 Allemagne de l’Ouest
87%
4 5 9 18 Grande-Bretagne
87%
5 3 10 18 Italie
87%
13 8 8 29 Japon
87%
50 27 22 99 Union soviétique
87%
20 23 23 66 Allemagne de l’Est
80%
6 13 16 35 Hongrie
40%
7 5 9 21 Pologne
33%
6 10 5 21 Bulgarie
27%
Aucun quiz correspondant
Distribution des résultats
% des personnes avec chaque résultat
Percentile par nombre de réponses
Votre historique - résultats
Vous n’avez pas pris ce quiz